Sonnigste Städte Deutschlands - Statistiken

Allgemein
  • Dieses Quiz wurde 157 mal gespielt
  • Das Durchschnittsergebnis liegt bei 6 aus 10
Antwortstatistiken
Rang Stadt % Korrekt
7 München
91%
1 Freiburg im Breisgau
86%
4 Stuttgart
83%
9 Mannheim
67%
5 Karlsruhe
65%
2 Nürnberg
64%
3 Augsburg
63%
10 Saarbrücken
35%
8 Ludwigshafen am Rhein
27%
6 Rostock
13%
Keine übereinstimmenden Quizze gefunden
Verteilung der Resultate
Anzahl Personen mit jedem Resultat
Perzentil nach korrekt beantworteten Fragen
Ihre Resultats-Entwicklung
Sie haben dieses Quiz noch nicht gespielt